[Event "NOR-chB"]
[Site "Moss"]
[Date "2006.07.10"]
[Round "4"]
[White "Suntharalingam, Jathavan"]
[Black "Selbekk, Michael Aaron"]
[Result "1-0"]
[WhiteElo "1366"]
[BlackElo "1064"]
[PlyCount "39"]
[EventDate "2006.07.08"]
[EventType "swiss"]
[EventRounds "9"]
[EventCountry "NOR"]
[SourceTitle "EXT 2007"]
[Source "ChessBase"]
[SourceDate "2006.11.23"]
[SourceVersion "1"]
[SourceVersionDate "2006.11.23"]
[SourceQuality "1"]

1. e4 e5 2. d4 exd4 3. Nf3 Nc6 4. Bc4 f6 5. Nxd4 Qe7 6. 0-0 Nxd4 7. Qxd4 d6 8. Nc3 c6 9. Bf4 Qd7 10. Rad1 c5 11. Qd2 f5 12. Bb5 fxe4 13. Bxd7+ Bxd7 14. Nxe4 Bb5 15. Nxd6+ Bxd6 16. Qxd6 Ne7 17. Rfe1 0-0 18. Rxe7 Rad8 19. Qxd8 Rxd8 20. Rxd8+ 1-0